00665nam a22001697a 450000500170000001000130001702000260003003500110005603700130006708200130008010000430009324501110013624600800024726000520032727000870037930000290046620190514112532.0 aUR-10111 c450.00a9789388105767 aU-8666 bDBAD/PUB a820.0355 aمحمد نو ر نبی آ ز ا د  aپر يم چند کے ا فسا نو ں ميں د لت مسا يلcمحمد نو ر نبی آ ز ا د  b‏Premchand ke Afsanon mein Dalit Masael (Urdu)aby Dr.Mohd.Noor Nabi Azad a DelhibEducational Publishing Housec2018 ء  a3191،Vakil Street,Kucha Pandit,Lal Kuan,bDelhie110006k23216162l00911123211540 a288+3صc22 Cm.(bk)